Statistics for Countries Closest to America

Click here to take the quiz!

General Stats

  • This quiz has been taken 3,438 times
  • The average score is 12 of 20

Answer Stats

kmcountrymiles% Correct
82Russia51
86%
773Greenland480
75%
208Cuba129
71%
81Bahamas53
69%
500Dominica311
67%
620Haiti386
67%
2067Iceland1284
67%
623Jamaica387
66%
704St Kitts and Nevis438
64%
345St Lucia214
63%
206St Vincent and the Grenadines128
63%
15Trinidad and Tobago9
63%
357Barbados222
62%
575Dominican Republic357
62%
701Antigua and Barbuda435
59%
139Grenada86
58%
88Netherlands, at Bonaire54
29%
27Aruba17
27%
65Curaçao41
23%
807Sint Maarten501
17%

Score Distribution

Percentile by Number Answered

Percent of People with Each Score

Your Score History

You have not taken this quiz